[Event "Politiken Cup 2007"]
[Site "Helsingor"]
[Date "2007.07.21"]
[Round "1.37"]
[White "Nithander, Victor"]
[Black "Wilsbeck, Jan B"]
[Result "1-0"]
[WhiteElo "2357"]
[BlackElo "1925"]
[PlyCount "145"]
[EventDate "2007.??.??"]

1. e4 c5 2. Nf3 d6 3. d4 cxd4 4. Nxd4 Nf6 5. Nc3 a6 6. Be2 e6 7. a4 Qc7 8. O-O
Be7 9. Be3 Nc6 10. f4 O-O 11. Qd2 Bd7 12. Nb3 b6 13. Bf3 Rab8 14. g4 Rfd8 15.
g5 Ne8 16. Bg2 g6 17. f5 Ne5 18. Bd4 Bf8 19. Qf2 Ng7 20. fxg6 fxg6 21. Rad1 Bc6
22. Nc1 Rd7 23. Bxe5 dxe5 24. Rxd7 Qxd7 25. Nd3 Bd6 26. b3 Qc7 27. Qd2 Rf8 28.
Rxf8+ Bxf8 29. Ne2 Bb7 30. h4 Nh5 31. Bf3 Ng7 32. Kg2 Ba8 33. Qc3 Bd6 34. Qxc7
Bxc7 35. Kf2 Kf7 36. Ke3 Ke7 37. Nc3 Bc6 38. Nb4 Bb7 39. Nd1 b5 40. axb5 axb5
41. Nd3 Bb6+ 42. Ke2 Kd6 43. Nc3 Bc6 44. Nb1 Ne8 45. c3 Nc7 46. Nd2 Na6 47. b4
Nb8 48. Nf1 Nd7 49. Nh2 Bb7 50. Ng4 Ba8 51. Bg2 Bc6 52. Kf3 Bc7 53. Bf1 Bb7 54.
Ne1 Kc6 55. Nc2 Bd8 56. Na3 Ba6 57. Nh6 Be7 58. Nf7 Bd6 59. Nd8+ Kb6 60. Nxe6
Nf8 61. Bh3 Nxe6 62. Bxe6 Bf8 63. Bd7 h6 64. h5 gxh5 65. g6 Bg7 66. Nc2 Kc7 67.
Bf5 Kd6 68. Kg3 Bf6 69. Ne3 Bb7 70. Kh3 Bc6 71. Nf1 Ke7 72. Ng3 Bg5 73. g7 1-0

[Event "Politiken Cup 2007"]
[Site "Helsingor"]
[Date "2007.07.21"]
[Round "1.39"]
[White "Reppen, Ellisiv"]
[Black "Olsen, Heini"]
[Result "0-1"]
[WhiteElo "1922"]
[BlackElo "2350"]
[PlyCount "92"]
[EventDate "2007.??.??"]

1. e4 e5 2. Nf3 Nc6 3. Bb5 a6 4. Ba4 Nf6 5. O-O Be7 6. Re1 b5 7. Bb3 d6 8. c3
O-O 9. h3 Na5 10. Bc2 c5 11. d4 Qc7 12. d5 c4 13. Nbd2 Bd7 14. Nf1 Nb7 15. Ng3
g6 16. Bh6 Rfc8 17. Nh2 Kh8 18. Qf3 a5 19. Ng4 Qd8 20. Nf1 Nc5 21. Nfh2 b4 22.
Nxf6 Bxf6 23. Ng4 Bg5 24. Bxg5 Qxg5 25. Qf6+ Qxf6 26. Nxf6 Rc7 27. Re3 Rb8 28.
b3 Bb5 29. cxb4 axb4 30. bxc4 Bxc4 31. Bb3 Bxb3 32. axb3 Kg7 33. Ng4 f5 34.
exf5 gxf5 35. Nxe5 dxe5 36. Rxe5 Nxb3 37. d6 Rc1+ 38. Rxc1 Nxc1 39. Rc5 Nd3 40.
Rc7+ Kf6 41. d7 Rd8 42. Kf1 Ke6 43. Ke2 Nf4+ 44. Kf3 Nd5 45. Rc1 Rxd7 46. g4
Rc7 0-1

[Event "Politiken Cup 2007"]
[Site "Helsingor"]
[Date "2007.07.21"]
[Round "1.40"]
[White "Mikkelsen, Nikolaj"]
[Black "Lynge, Torben"]
[Result "1-0"]
[WhiteElo "2303"]
[BlackElo "1920"]
[PlyCount "59"]
[EventDate "2007.??.??"]

1. e4 c6 2. d4 d5 3. Nc3 dxe4 4. Nxe4 Bf5 5. Ng3 Bg6 6. h4 h6 7. Nf3 Nd7 8. h5
Bh7 9. Bd3 Ngf6 10. Bxh7 Nxh7 11. Bf4 e6 12. Qe2 Nhf6 13. O-O-O Nd5 14. Bd2 Qc7
15. c4 Nf4 16. Qe4 g5 17. Bxf4 Qxf4+ 18. Qxf4 gxf4 19. Ne2 Bd6 20. Rh4 Nf6 21.
Nxf4 Bxf4+ 22. Rxf4 Nxh5 23. Rh4 Ng7 24. g4 Ke7 25. Kc2 f5 26. Ne5 Kf6 27. Rdh1
h5 28. g5+ Kxg5 29. Rg1+ Kxh4 30. Rg3 1-0

[Event "Politiken Cup 2007"]
[Site "Helsingor"]
[Date "2007.07.21"]
[Round "1.42"]
[White "Blomqvist, Erik"]
[Black "Viljanen, Jouko"]
[Result "1-0"]
[WhiteElo "2313"]
[BlackElo "1917"]
[PlyCount "62"]
[EventDate "2007.??.??"]

1. e4 c5 2. Nf3 e6 3. d4 cxd4 4. Nxd4 a6 5. g3 d5 6. Nf3 Nf6 7. exd5 Nxd5 8.
Bg2 Qc7 9. O-O Be7 10. c3 O-O 11. Nbd2 b5 12. Qe2 Nd7 13. Nd4 N7b6 14. Ne4 Bb7
15. Bg5 Rfe8 16. Rfc1 Bf8 17. Bd2 Nc4 18. Be1 e5 19. Nf5 g6 20. b3 gxf5 21.
bxc4 bxc4 22. Nd2 Rac8 23. Qh5 Qd7 24. Rcb1 Ba8 25. Qh4 Nxc3 26. Bxa8 Nxb1 27.
Nxb1 Rxa8 28. Qxc4 Qd4 29. Qc6 Qe4 30. Qf6 Bg7 31. Qg5 Qd4 1-0

[Event "Politiken Cup 2007"]
[Site "Helsingor"]
[Date "2007.07.21"]
[Round "1.43"]
[White "Andersen, Harry"]
[Black "Kleiman, Jake"]
[Result "0-1"]
[WhiteElo "1912"]
[BlackElo "2312"]
[PlyCount "62"]
[EventDate "2007.??.??"]

1. e4 c5 2. Nf3 e6 3. d4 cxd4 4. Nxd4 a6 5. g3 d5 6. Nf3 Nf6 7. exd5 Nxd5 8.
Bg2 Qc7 9. O-O Be7 10. c3 O-O 11. Nbd2 b5 12. Qe2 Nd7 13. Nd4 N7b6 14. Ne4 Bb7
15. Bg5 Rfe8 16. Rac1 Bf8 17. Bd2 Nc4 18. Be1 e5 19. Nf5 g6 20. b3 gxf5 21.
bxc4 bxc4 22. Nd2 Rac8 23. Qh5 Qd7 24. Rb1 Ba8 25. Qh4 Nxc3 26. Bxa8 Nxb1 27.
Nxb1 Rxa8 28. Qxc4 Qd4 29. Qc6 Qd3 30. Qf6 Bg7 31. Qg5 Qxb1 0-1

[Event "Politiken Cup 2007"]
[Site "Helsingor"]
[Date "2007.07.21"]
[Round "1.44"]
[White "Christensen, Stefan"]
[Black "Pieri, Enzo"]
[Result "1-0"]
[WhiteElo "2301"]
[BlackElo "1909"]
[PlyCount "53"]
[EventDate "2007.??.??"]

1. e4 e5 2. Nf3 Nc6 3. Bb5 a6 4. Ba4 Nf6 5. O-O b5 6. Bb3 d6 7. Ng5 d5 8. exd5
Nxd5 9. Re1 Be7 10. Nxf7 Kxf7 11. Qf3+ Ke6 12. Nc3 Nd4 13. Bxd5+ Kd6 14. Qe4
Bf6 15. Bxa8 Bf5 16. Qd5+ Ke7 17. Qxd8+ Rxd8 18. Be4 Nxc2 19. Bxc2 Bxc2 20. d4
Rxd4 21. Be3 c5 22. Bxd4 cxd4 23. Nd5+ Kd6 24. Nxf6 gxf6 25. f3 f5 26. Rac1 d3
27. Rxc2 1-0

[Event "Politiken Cup 2007"]
[Site "Helsingor"]
[Date "2007.07.21"]
[Round "1.45"]
[White "Hansen, Henrik Damgaard"]
[Black "Kjartansson, Gudmundur"]
[Result "0-1"]
[WhiteElo "1904"]
[BlackElo "2306"]
[PlyCount "64"]
[EventDate "2007.??.??"]

1. e4 e5 2. Nf3 Nc6 3. d4 exd4 4. Nxd4 Bc5 5. Be3 Qf6 6. c3 Nge7 7. Bc4 b6 8.
O-O Bb7 9. Nxc6 Qxc6 10. Bxc5 Qxc5 11. Nd2 O-O 12. Re1 Rad8 13. Qe2 Ng6 14. Qe3
Qh5 15. Qg3 d6 16. Bb3 Rde8 17. Bc2 Re7 18. Re3 Rfe8 19. Rae1 Ne5 20. f4 Nd7
21. b4 a5 22. f5 axb4 23. cxb4 Qh6 24. Qf2 Ne5 25. Qe2 d5 26. Kh1 d4 27. Rh3
Qf6 28. Nf3 d3 29. Bxd3 Nxd3 30. Qxd3 Bxe4 31. Qd2 Bxf3 32. Rxe7 Qa1+ 0-1

[Event "Politiken Cup 2007"]
[Site "Helsingor"]
[Date "2007.07.21"]
[Round "1.46"]
[White "Hirneise, Tobias"]
[Black "Sjol, Henrik"]
[Result "1-0"]
[WhiteElo "2293"]
[BlackElo "1904"]
[PlyCount "41"]
[EventDate "2007.??.??"]

1. e4 c6 2. d4 d5 3. exd5 cxd5 4. c4 Nf6 5. Nc3 e6 6. Nf3 Bb4 7. cxd5 Nxd5 8.
Bd2 Nc6 9. Bd3 Nxc3 10. bxc3 Be7 11. Qe2 Bd7 12. O-O Bf6 13. Qe4 g6 14. d5 Na5
15. Nd4 e5 16. f4 Qe7 17. fxe5 Bxe5 18. Rae1 f6 19. c4 b6 20. d6 Qd8 21. Rxf6
1-0

[Event "Politiken Cup 2007"]
[Site "Helsingor"]
[Date "2007.07.21"]
[Round "1.47"]
[White "Rasmussen, Henning"]
[Black "Sylvan, Jacob"]
[Result "0-1"]
[WhiteElo "1902"]
[BlackElo "2281"]
[PlyCount "88"]
[EventDate "2007.??.??"]

1. Nf3 Nf6 2. c4 g6 3. d4 Bg7 4. Nc3 O-O 5. e4 d6 6. Be2 e5 7. dxe5 dxe5 8.
Qxd8 Rxd8 9. Bg5 Re8 10. Rd1 h6 11. Be3 c6 12. Nd2 Ng4 13. Bxg4 Bxg4 14. f3 Be6
15. b3 Nd7 16. Ke2 Bf8 17. Ndb1 a6 18. Rd2 b5 19. cxb5 axb5 20. Rhd1 Nc5 21.
Bxc5 Bxc5 22. Kf1 Ra6 23. Ne2 Kf8 24. Nc1 Rea8 25. Rd8+ Rxd8 26. Rxd8+ Ke7 27.
Rd3 Bd4 28. Nc3 b4 29. Na4 c5 30. Ke2 Bd7 31. Rd1 c4 32. Kd2 Bxa4 33. bxa4 Rxa4
34. Kc2 Kd6 35. Kb1 Kc5 36. Rd2 Ra3 37. Re2 Re3 38. Rxe3 Bxe3 39. Ne2 Kb5 40.
Kc2 Ka4 41. Kb1 Ka3 42. Ka1 Bd2 43. Kb1 b3 44. axb3 Kxb3 0-1

[Event "Politiken Cup 2007"]
[Site "Helsingor"]
[Date "2007.07.21"]
[Round "1.48"]
[White "Van Eijk, Sander"]
[Black "Ziska, Andrias"]
[Result "1-0"]
[WhiteElo "2274"]
[BlackElo "1901"]
[PlyCount "89"]
[EventDate "2007.??.??"]

1. e4 c5 2. Nf3 d6 3. d4 cxd4 4. Nxd4 Nf6 5. Nc3 a6 6. Bc4 e6 7. O-O Be7 8. Bb3
Qc7 9. f4 Nc6 10. Kh1 Bd7 11. f5 e5 12. Nde2 h6 13. Ng3 Nd4 14. Nh5 Nxb3 15.
Nxf6+ Bxf6 16. Nd5 Qd8 17. cxb3 Bc6 18. Be3 Bxd5 19. Qxd5 Qe7 20. Rfd1 O-O 21.
Qxd6 Rfd8 22. Qxe7 Bxe7 23. Kg1 Rxd1+ 24. Rxd1 Rd8 25. Rxd8+ Bxd8 26. Bc5 Bg5
27. Bb4 Be3+ 28. Kf1 f6 29. Ke2 Bg1 30. h3 Kf7 31. Kd3 h5 32. Kc4 g6 33. g4
hxg4 34. hxg4 gxf5 35. gxf5 Ke8 36. Bc5 Bh2 37. Bf2 Bf4 38. Kc5 Kd7 39. b4 Bg5
40. b5 axb5 41. Kxb5 Kc7 42. a4 Bc1 43. Bh4 Bg5 44. Bxg5 fxg5 45. Kc4 1-0

[Event "Politiken Cup 2007"]
[Site "Helsingor"]
[Date "2007.07.21"]
[Round "1.49"]
[White "Korley, Kassa"]
[Black "Hagen, Andreas Skytte"]
[Result "1/2-1/2"]
[WhiteElo "1900"]
[BlackElo "2256"]
[PlyCount "90"]
[EventDate "2007.??.??"]

1. d4 e6 2. Nf3 Nf6 3. Bf4 c5 4. e3 b6 5. Be2 Bb7 6. c3 Be7 7. Nbd2 O-O 8. Qc2
Nc6 9. O-O Nh5 10. Bd3 h6 11. Bg3 Rc8 12. a3 a6 13. Rad1 Nxg3 14. hxg3 d6 15.
g4 cxd4 16. Nxd4 Ne5 17. Be2 b5 18. f4 Nc4 19. Nxc4 bxc4 20. Bf3 Qb6 21. Bxb7
Qxb7 22. Rf3 Rb8 23. Rd2 Bf6 24. Rh3 Bxd4 25. exd4 f5 26. g5 hxg5 27. fxg5 g6
28. g3 Kg7 29. d5 Rh8 30. Rh6 e5 31. g4 Qe7 32. Rg2 Rbf8 33. Qe2 Qc7 34. Qe3 f4
35. Qe4 Rxh6 36. gxh6+ Kxh6 37. Rh2+ Kg5 38. Qe1 Qc5+ 39. Kf1 Kxg4 40. Qe4 Rf6
41. Rg2+ Kh5 42. Qf3+ Kh6 43. Qh3+ Kg7 44. Qd7+ Rf7 45. Qe6 Rf6 1/2-1/2

[Event "Politiken Cup 2007"]
[Site "Helsingor"]
[Date "2007.07.21"]
[Round "1.50"]
[White "Tuominen, Risto"]
[Black "Fjellengen, Baard"]
[Result "1-0"]
[WhiteElo "2272"]
[BlackElo "1899"]
[PlyCount "49"]
[EventDate "2007.??.??"]

1. d4 d5 2. c4 e6 3. Nf3 Nf6 4. g3 Bb4+ 5. Nbd2 O-O 6. Bg2 c5 7. dxc5 dxc4 8.
O-O Nc6 9. Nxc4 Bxc5 10. a3 Qxd1 11. Rxd1 Ne4 12. e3 Rd8 13. Rxd8+ Nxd8 14.
Nfe5 Nd6 15. b4 Nxc4 16. Nxc4 Be7 17. Bb2 Bd7 18. Na5 Bc6 19. Nxc6 bxc6 20. Rc1
a5 21. b5 Rb8 22. a4 cxb5 23. Be5 Rb6 24. Bc7 Ra6 25. axb5 1-0

[Event "Politiken Cup 2007"]
[Site "Helsingor"]
[Date "2007.07.21"]
[Round "1.51"]
[White "Hernandez Castro, Julio Cesar"]
[Black "Holm, Sejer"]
[Result "0-1"]
[WhiteElo "1898"]
[BlackElo "2262"]
[PlyCount "102"]
[EventDate "2007.??.??"]

1. d4 d5 2. Nf3 e6 3. e3 c5 4. b3 Nf6 5. Bd3 Be7 6. O-O O-O 7. Bb2 b6 8. Qe2
Bb7 9. Ne5 Nc6 10. a3 Qc7 11. f4 Rad8 12. Rf3 Ne4 13. Rh3 Nxe5 14. fxe5 f5 15.
Qh5 Ng5 16. Rg3 Nf7 17. Nd2 Bc6 18. Rf1 Be8 19. Qe2 Ng5 20. Nf3 Ne4 21. Rh3 Rf7
22. Bxe4 fxe4 23. Ne1 Rxf1+ 24. Kxf1 Bg6 25. g4 Rc8 26. Kg1 c4 27. Rg3 a5 28.
a4 Qc6 29. Qd1 b5 30. Qa1 c3 31. Ba3 b4 32. Bc1 Bh4 33. Ng2 Bxg3 34. hxg3 Bf7
35. Ba3 bxa3 36. Qxa3 Qd7 37. Nf4 g5 38. Ne2 Bg6 39. Kg2 Qf7 40. Ng1 Qf8 41.
Qa1 h5 42. Qd1 hxg4 43. Qxg4 Qf5 44. Qe2 g4 45. Qe1 Kg7 46. Qf2 Qxf2+ 47. Kxf2
Rf8+ 48. Ke2 Rf3 49. Nxf3 exf3+ 50. Kf2 Bxc2 51. b4 axb4 0-1

[Event "Politiken Cup 2007"]
[Site "Helsingor"]
[Date "2007.07.21"]
[Round "1.52"]
[White "Skovgaard, Peter"]
[Black "Schmidt, Horst Hubert"]
[Result "1-0"]
[WhiteElo "2256"]
[BlackElo "1896"]
[PlyCount "85"]
[EventDate "2007.??.??"]

1. e4 e6 2. d3 d5 3. Nd2 Nf6 4. Ngf3 c5 5. g3 Nc6 6. Bg2 Be7 7. O-O O-O 8. Re1
Qc7 9. Nf1 dxe4 10. dxe4 Rd8 11. Bd2 e5 12. c3 Be6 13. Ng5 Bg4 14. f3 Bd7 15.
Qb3 Be8 16. Rad1 Na5 17. Qc2 c4 18. Ne3 Bc5 19. Kh1 g6 20. Bc1 Bxe3 21. Bxe3
Kg7 22. Re2 h6 23. Nh3 Bd7 24. Qc1 Bxh3 25. Bxh3 Rxd1+ 26. Qxd1 Nc6 27. Rd2 b6
28. Qc1 Ne7 29. Bxh6+ Kh7 30. Bg5 Qc6 31. Qd1 Nfg8 32. Rd7 Qc5 33. Qd2 Kg7 34.
Bf1 f6 35. Be3 Qc6 36. Qd5 Qxd5 37. exd5 Kf8 38. Bxc4 Nf5 39. Bf2 Nge7 40. d6
Nxd6 41. Rxd6 f5 42. Rf6+ Ke8 43. Bb5+ 1-0

[Event "Politiken Cup 2007"]
[Site "Helsingor"]
[Date "2007.07.21"]
[Round "1.53"]
[White "Sigurdsson, Pall"]
[Black "Teplyi, Igor"]
[Result "0-1"]
[WhiteElo "1893"]
[BlackElo "2250"]
[PlyCount "108"]
[EventDate "2007.??.??"]

1. e4 c5 2. Nf3 d6 3. d4 cxd4 4. Nxd4 Nf6 5. Nc3 e6 6. f3 a6 7. Be3 b5 8. Qd2
Nbd7 9. O-O-O Bb7 10. g4 h6 11. h4 b4 12. Na4 Qa5 13. b3 Nc5 14. a3 Nxa4 15.
axb4 Qc7 16. bxa4 d5 17. e5 Nd7 18. f4 Nb6 19. f5 Nxa4 20. fxe6 Nc3 21. exf7+
Kxf7 22. e6+ Kg8 23. Qf2 Bxb4 24. Qf7+ Qxf7 25. exf7+ Kxf7 26. Rd3 a5 27. Kb2
Rhc8 28. Bd2 a4 29. Rhh3 Nd1+ 30. Ka2 Bxd2 31. Rxd2 Nc3+ 32. Ka1 Ba6 33. Bxa6
Rxa6 34. Rdd3 Ne4 35. Rhf3+ Rf6 36. Nf5 Rxc2 37. Kb1 Rc5 38. Kb2 Rb6+ 39. Ka3
Rc1 40. Ka2 Rc2+ 41. Ka3 Rc1 42. Ka2 Rbb1 43. Rxd5 Ra1+ 44. Kb2 Rcb1+ 45. Kc2
Rb7 46. Nd6+ Ke6 47. Nxb7 Kxd5 48. Rf5+ Kd4 49. Kb2 Rg1 50. g5 hxg5 51. hxg5
Rxg5 52. Rf7 Rb5+ 53. Ka3 Rb3+ 54. Kxa4 Rxb7 0-1

[Event "Politiken Cup 2007"]
[Site "Helsingor"]
[Date "2007.07.21"]
[Round "1.54"]
[White "Coleman, Teddy"]
[Black "Christensen, Emilie Ellegaard"]
[Result "1-0"]
[WhiteElo "2248"]
[BlackElo "1880"]
[PlyCount "85"]
[EventDate "2007.??.??"]

1. d4 e6 2. c4 d5 3. Nc3 Nf6 4. Nf3 Nbd7 5. e3 c6 6. Qc2 Bd6 7. Bd3 O-O 8. O-O
Re8 9. Rd1 dxc4 10. Bxc4 Qc7 11. e4 e5 12. g3 exd4 13. Nxd4 Ne5 14. Be2 Bh3 15.
Bg5 Qe7 16. Nf5 Bxf5 17. exf5 h6 18. Bxf6 gxf6 19. Qd2 Rad8 20. Qxh6 Bb4 21.
Qh4 Bxc3 22. bxc3 Kg7 23. Qb4 c5 24. Qa4 b6 25. Rxd8 Rxd8 26. Rd1 Rxd1+ 27.
Qxd1 Qd7 28. Qxd7 Nxd7 29. f4 Kf8 30. Kf2 Ke7 31. Ke3 Kd6 32. Ke4 Nf8 33. h4
Kc6 34. Bc4 b5 35. Bxf7 a5 36. h5 Kd6 37. h6 b4 38. cxb4 cxb4 39. Bg8 a4 40.
Kd3 Kc5 41. h7 Nxh7 42. Bxh7 b3 43. axb3 1-0

[Event "Politiken Cup 2007"]
[Site "Helsingor"]
[Date "2007.07.21"]
[Round "1.55"]
[White "Nielsen, Palle"]
[Black "Hvenekilde, Jorgen"]
[Result "1/2-1/2"]
[WhiteElo "1877"]
[BlackElo "2239"]
[PlyCount "50"]
[EventDate "2007.??.??"]

1. Nc3 g6 2. e4 Bg7 3. Bc4 d6 4. Nf3 e6 5. O-O a6 6. a4 b6 7. d4 h6 8. Re1 Ne7
9. d5 e5 10. Bd3 O-O 11. h3 f5 12. Nh2 Nd7 13. exf5 gxf5 14. Ne2 Nf6 15. c4 a5
16. Bb1 Bd7 17. Ng3 Qe8 18. Ra2 Kh8 19. b3 Rg8 20. Kh1 Qf7 21. Nf3 Raf8 22. Rg1
Nh5 23. Nxh5 Qxh5 24. Nh2 Qf7 25. Bd3 e4 1/2-1/2

[Event "Politiken Cup 2007"]
[Site "Helsingor"]
[Date "2007.07.21"]
[Round "1.56"]
[White "Bleis, Christian Dr"]
[Black "Tudvad, Mads"]
[Result "1-0"]
[WhiteElo "2246"]
[BlackElo "1873"]
[PlyCount "49"]
[EventDate "2007.??.??"]

1. d4 e6 2. c4 c5 3. d5 exd5 4. cxd5 d6 5. Nc3 Nf6 6. Nf3 Bf5 7. e4 Bg4 8. Qb3
Qc8 9. Nd2 a6 10. f3 Bd7 11. a4 a5 12. Nc4 Qc7 13. Bf4 Nh5 14. Bg5 f6 15. Be3
g6 16. g4 Ng7 17. h4 f5 18. gxf5 gxf5 19. h5 h6 20. O-O-O fxe4 21. fxe4 Bg4 22.
Re1 Nd7 23. Nb5 Qb8 24. Rg1 Bxh5 25. Rxg7 1-0

[Event "Politiken Cup 2007"]
[Site "Helsingor"]
[Date "2007.07.21"]
[Round "1.57"]
[White "Cromsight, Jeroen"]
[Black "Roelvaag, Mikael"]
[Result "0-1"]
[WhiteElo "1872"]
[BlackElo "2245"]
[PlyCount "72"]
[EventDate "2007.??.??"]

1. e4 c5 2. Nf3 Nc6 3. d4 cxd4 4. c3 dxc3 5. Nxc3 e6 6. Bc4 d6 7. O-O Nf6 8.
Qe2 Bd7 9. Rd1 Qb8 10. Bf4 Ne5 11. Nxe5 dxe5 12. Bg5 Bc6 13. Bxf6 gxf6 14. Qh5
Qc8 15. Rac1 Rg8 16. Qxh7 Rg6 17. Nb5 f5 18. exf5 Rxg2+ 19. Kf1 Rg4 20. fxe6
Bg2+ 21. Ke2 Re4+ 22. Kd3 Qd8+ 23. Kc2 Rxc4+ 24. Nc3 Qf6 25. Qxf7+ Qxf7 26.
exf7+ Kxf7 27. Re1 Re8 28. Kd3 Rd4+ 29. Ke2 Bc6 30. f3 Rh4 31. Rh1 Bh6 32. Rcg1
Bf4 33. Rg2 Reh8 34. Rhg1 Rxh2 35. Ne4 Bxe4 36. fxe4 Rxg2+ 0-1

[Event "Politiken Cup 2007"]
[Site "Helsingor"]
[Date "2007.07.21"]
[Round "1.58"]
[White "Aabling-Thomsen, Jakob"]
[Black "Oskarsson, Aron Ingi"]
[Result "1-0"]
[WhiteElo "2242"]
[BlackElo "1871"]
[PlyCount "121"]
[EventDate "2007.??.??"]

1. e4 e5 2. f4 Bc5 3. Nf3 Nc6 4. c3 Qe7 5. fxe5 Nxe5 6. d4 Nxf3+ 7. Qxf3 Bb6 8.
Bc4 d6 9. O-O Be6 10. Bxe6 Qxe6 11. a4 a6 12. e5 d5 13. a5 Ba7 14. Qg3 Qg6 15.
e6 fxe6 16. Qxc7 Rb8 17. b3 Nf6 18. Ba3 Qf7 19. Qg3 Rd8 20. Bd6 Qg6 21. Qxg6+
hxg6 22. Bb4 Rh5 23. Nd2 e5 24. Rae1 Kd7 25. Nf3 Re8 26. Kh1 exd4 27. Rxe8 Kxe8
28. Nxd4 Bxd4 29. cxd4 Rf5 30. Rc1 Kd7 31. Bc5 Ne4 32. Bb6 Rf7 33. h3 Ke6 34.
Kh2 Nd2 35. Rc3 Ne4 36. Rc8 g5 37. b4 Kd7 38. Rc2 Ke6 39. Bc7 Kd7 40. Be5 Ke6
41. Rc8 Kd7 42. Rc2 Kd8 43. g3 Ke7 44. Kg2 Ke6 45. Rb2 Nc3 46. Rb3 Nb5 47. Re3
Kd7 48. h4 gxh4 49. gxh4 Nd6 50. Rf3 Nf5 51. Kh3 Ke6 52. h5 Ne7 53. Rg3 Nf5 54.
Rg6+ Kd7 55. Kg4 Ke8 56. Kg5 Kf8 57. Bf6 Ne3 58. Be5 Nc2 59. Re6 Nxb4 60. Bd6+
Kg8 61. Kg6 1-0

[Event "Politiken Cup 2007"]
[Site "Helsingor"]
[Date "2007.07.21"]
[Round "1.59"]
[White "Minguez Greciano, Iluminada"]
[Black "Hanssen, Gunnar Berg"]
[Result "0-1"]
[WhiteElo "1861"]
[BlackElo "2242"]
[PlyCount "64"]
[EventDate "2007.??.??"]

1. c4 Nf6 2. Nc3 e6 3. g3 d5 4. cxd5 exd5 5. d4 c6 6. a3 a5 7. Bg2 Bd6 8. Nf3
O-O 9. O-O Re8 10. Re1 h6 11. Qc2 Ne4 12. Nd2 Nxd2 13. Bxd2 Bg4 14. f3 Bh5 15.
e4 dxe4 16. Nxe4 Na6 17. Qb3 Rb8 18. Qc4 Bc7 19. Bc3 Bb6 20. Rad1 Nc7 21. b4
Nd5 22. Bb2 axb4 23. axb4 f5 24. Nc5 Bf7 25. Qd3 Nxb4 26. Qxf5 Qd5 27. Rxe8+
Rxe8 28. Qxd5 Bxd5 29. Nxb7 Re2 30. Ba3 Nc2 31. Bc5 Bxc5 32. dxc5 Rxg2+ 0-1

[Event "Politiken Cup 2007"]
[Site "Helsingor"]
[Date "2007.07.21"]
[Round "1.60"]
[White "Nielsen, Lars Aaes"]
[Black "Pijlman, Rene"]
[Result "1-0"]
[WhiteElo "2242"]
[BlackElo "1854"]
[PlyCount "78"]
[EventDate "2007.??.??"]

1. e4 c5 2. c3 d5 3. exd5 Qxd5 4. d4 Nc6 5. Nf3 cxd4 6. cxd4 e5 7. Nc3 Bb4 8.
Bd2 Bxc3 9. Bxc3 e4 10. Ne5 Nxe5 11. dxe5 Ne7 12. Qa4+ Bd7 13. Qb4 a5 14. Qd6
Qxd6 15. exd6 Nf5 16. Rd1 O-O 17. Rd5 b6 18. g4 Nh4 19. Be2 Ng2+ 20. Kd2 Nf4
21. Rg5 f6 22. Bc4+ Kh8 23. Rb5 Rac8 24. b3 Rxc4 25. bxc4 Bxb5 26. cxb5 Rd8 27.
Bd4 Rxd6 28. Ke3 Ne6 29. Rd1 Kg8 30. Kxe4 Kf7 31. f4 Ke7 32. f5 Nxd4 33. Rxd4
Kd7 34. Rxd6+ Kxd6 35. Kd4 g5 36. fxg6 hxg6 37. h4 Ke6 38. Ke4 Kd6 39. h5 gxh5
1-0

[Event "Politiken Cup 2007"]
[Site "Helsingor"]
[Date "2007.07.21"]
[Round "1.61"]
[White "Jensen, Mads"]
[Black "Urkedal, Frode"]
[Result "0-1"]
[WhiteElo "1851"]
[BlackElo "2235"]
[PlyCount "66"]
[EventDate "2007.??.??"]

1. d4 Nf6 2. Nc3 d5 3. Bg5 Nbd7 4. e3 c6 5. Bd3 e5 6. f3 Be7 7. Nge2 O-O 8. Qd2
b5 9. Ng3 h6 10. Bxh6 gxh6 11. Nf5 Nh7 12. Qf2 Kh8 13. Nxh6 exd4 14. exd4 Nb6
15. O-O f5 16. Qg3 Bg5 17. Qh3 Qf6 18. Ng4 Qxd4+ 19. Nf2 Qh4 20. Ne2 Qxh3 21.
Nxh3 Be3+ 22. Kh1 f4 23. Nf2 a6 24. Ng4 Bxg4 25. fxg4 Nc4 26. Bf5 Nd2 27. Nxf4
Nxf1 28. Ng6+ Kg7 29. Nxf8 Ng3+ 30. hxg3 Rxf8 31. Re1 d4 32. Bxh7 Kxh7 33. c3
Kg6 0-1

[Event "Politiken Cup 2007"]
[Site "Helsingor"]
[Date "2007.07.21"]
[Round "1.62"]
[White "Andreasen, Per"]
[Black "Nordin, Eric"]
[Result "1-0"]
[WhiteElo "2228"]
[BlackElo "1843"]
[PlyCount "49"]
[EventDate "2007.??.??"]

1. g3 g6 2. Bg2 Bg7 3. d4 d6 4. Nf3 Nd7 5. c4 e5 6. Nc3 Ne7 7. O-O O-O 8. e4 c6
9. Be3 Qc7 10. Qd2 Rd8 11. Rfd1 Nb6 12. b3 Bg4 13. h3 Be6 14. d5 cxd5 15. cxd5
Bd7 16. Rac1 Rac8 17. Na4 Qb8 18. Nxb6 axb6 19. Bxb6 Rxc1 20. Rxc1 Rc8 21. h4
h6 22. Be3 Kh7 23. Rxc8 Bxc8 24. Qa5 Bd7 25. Nd2 1-0

[Event "Politiken Cup 2007"]
[Site "Helsingor"]
[Date "2007.07.21"]
[Round "1.63"]
[White "Larsen, Finn"]
[Black "Schultz-Pedersen, Jesper"]
[Result "0-1"]
[WhiteElo "1840"]
[BlackElo "2204"]
[PlyCount "44"]
[EventDate "2007.??.??"]

1. e4 Nc6 2. d4 d5 3. e5 Bf5 4. c3 Qd7 5. Be2 e6 6. Nf3 f6 7. exf6 gxf6 8. Nh4
Bxb1 9. Rxb1 O-O-O 10. Qd3 Bd6 11. Bg4 Kb8 12. b4 f5 13. Be2 Qg7 14. a4 Nge7
15. a5 e5 16. a6 b6 17. Qb5 exd4 18. Nxf5 Qxg2 19. Ng3 Bxg3 20. Rf1 Qe4 21. Rb2
dxc3 22. Rb3 Nd4 0-1

[Event "Politiken Cup 2007"]
[Site "Helsingor"]
[Date "2007.07.21"]
[Round "1.64"]
[White "Christensen, Bo Garner"]
[Black "Motzkus, Mikkel"]
[Result "1-0"]
[WhiteElo "2223"]
[BlackElo "1839"]
[PlyCount "43"]
[EventDate "2007.??.??"]

1. d4 Nf6 2. Nf3 e6 3. Bf4 c5 4. e3 b6 5. c4 Bb7 6. Nc3 cxd4 7. exd4 Bb4 8. Be2
O-O 9. O-O d5 10. Ne5 Nbd7 11. Rc1 dxc4 12. Nxc4 Nd5 13. Bd6 Bxd6 14. Nxd6 Nxc3
15. bxc3 Bc6 16. c4 Nf6 17. c5 Ne8 18. Nc4 bxc5 19. dxc5 Qd5 20. Bf3 Qxc5 21.
Ne3 Bxf3 22. Qxf3 1-0

[Event "Politiken Cup 2007"]
[Site "Helsingor"]
[Date "2007.07.21"]
[Round "1.65"]
[White "Holzke, Frank"]
[Black "Jorgensen, Dennis"]
[Result "1-0"]
[WhiteElo "2489"]
[BlackElo "2190"]
[PlyCount "99"]
[EventDate "2007.??.??"]

1. e4 c6 2. d4 d5 3. Nc3 dxe4 4. Nxe4 Bf5 5. Ng3 Bg6 6. h4 h6 7. Nf3 Nd7 8. h5
Bh7 9. Bd3 Bxd3 10. Qxd3 e6 11. Bf4 Qa5+ 12. Bd2 Bb4 13. c3 Be7 14. c4 Qc7 15.
O-O-O Ngf6 16. Rde1 O-O 17. Nf5 exf5 18. Rxe7 Qd6 19. Re2 Ne4 20. Nh4 Ndc5 21.
Qc2 Qxd4 22. Nxf5 Qf6 23. Rxe4 Qxf5 24. Re7 Nd3+ 25. Kb1 Rad8 26. Rxb7 Qxf2 27.
Ba5 Rd4 28. Bc3 Rh4 29. Rd1 Qxc2+ 30. Kxc2 Nf2 31. Rd4 Rxh5 32. Rf4 Nh1 33. Rg4
Rg5 34. Rxg5 hxg5 35. Rxa7 Ng3 36. a4 Ne4 37. a5 Nxc3 38. Kxc3 f5 39. a6 f4 40.
Rb7 Kh7 41. a7 Ra8 42. b4 g4 43. Kd2 Kh6 44. b5 cxb5 45. cxb5 g3 46. Ke2 g5 47.
b6 Re8+ 48. Kf1 f3 49. gxf3 g4 50. Rb8 1-0

[Event "Politiken Cup 2007"]
[Site "Helsingor"]
[Date "2007.07.21"]
[Round "1.66"]
[White "Molvig, Henrik"]
[Black "Brorsen, Jacob Abildlund"]
[Result "1/2-1/2"]
[WhiteElo "2215"]
[BlackElo "1818"]
[PlyCount "38"]
[EventDate "2007.??.??"]

1. d4 f5 2. g3 Nf6 3. Bg2 g6 4. Nf3 Bg7 5. b3 O-O 6. Bb2 d6 7. O-O c6 8. Nbd2
Qc7 9. Re1 Ne4 10. c4 Nxd2 11. Qxd2 e5 12. dxe5 dxe5 13. Red1 Re8 14. e4 Na6
15. Qd6 Qxd6 16. Rxd6 Nc5 17. Ng5 h6 18. Nh3 Nxe4 19. Bxe4 fxe4 1/2-1/2

[Event "Politiken Cup 2007"]
[Site "Helsingor"]
[Date "2007.07.21"]
[Round "1.67"]
[White "Aanstad, Magnus"]
[Black "Ringoir, Tanguy"]
[Result "0-1"]
[WhiteElo "1818"]
[BlackElo "2208"]
[PlyCount "60"]
[EventDate "2007.??.??"]

1. e4 c5 2. d4 cxd4 3. c3 g6 4. cxd4 d5 5. exd5 Nf6 6. Nc3 Nxd5 7. Bc4 Nb6 8.
Bb3 Bg7 9. Nf3 O-O 10. h3 Nc6 11. Be3 Na5 12. O-O Nxb3 13. Qxb3 Be6 14. Qd1 Rc8
15. Ng5 Bd5 16. Qg4 Nc4 17. Rac1 h6 18. Nxd5 Qxd5 19. Nf3 Nxe3 20. fxe3 Rxc1
21. Rxc1 Qxa2 22. Rc7 Qxb2 23. Rxe7 a5 24. d5 Qa1+ 25. Kh2 a4 26. d6 a3 27. d7
Qf6 28. Re8 Qd6+ 29. Qf4 Qxd7 30. Rxf8+ Bxf8 0-1